<?xml version="1.0" encoding="UTF-8"?>
<record
    xmlns:xsi="http://www.w3.org/2001/XMLSchema-instance"
    xsi:schemaLocation="http://www.loc.gov/MARC21/slim http://www.loc.gov/standards/marcxml/schema/MARC21slim.xsd"
    xmlns="http://www.loc.gov/MARC21/slim">

  <leader>01869cam a22002897a 4500</leader>
  <controlfield tag="001">16048695</controlfield>
  <controlfield tag="005">20130129121514.0</controlfield>
  <controlfield tag="008">100111s2009    stk      b    001 0 eng d</controlfield>
  <datafield tag="010" ind1=" " ind2=" ">
    <subfield code="a">  2009415903</subfield>
  </datafield>
  <datafield tag="020" ind1=" " ind2=" ">
    <subfield code="a">9789774163326</subfield>
  </datafield>
  <datafield tag="020" ind1=" " ind2=" ">
    <subfield code="a">9780748637935 (pbk.)</subfield>
  </datafield>
  <datafield tag="020" ind1=" " ind2=" ">
    <subfield code="a">0748637931 (pbk.)</subfield>
  </datafield>
  <datafield tag="020" ind1=" " ind2=" ">
    <subfield code="a">9780748637928 (hardback)</subfield>
  </datafield>
  <datafield tag="020" ind1=" " ind2=" ">
    <subfield code="a">0748637923 (hardback)</subfield>
  </datafield>
  <datafield tag="082" ind1="0" ind2="4">
    <subfield code="a">297</subfield>
    <subfield code="2">22</subfield>
    <subfield code="b">ISL</subfield>
  </datafield>
  <datafield tag="245" ind1="0" ind2="0">
    <subfield code="a">Islam and Modernity :</subfield>
    <subfield code="b">Key Issues and Debates /</subfield>
    <subfield code="c">edited by Muhammad Khalid Masud, Armando Salvatore, and Martin van Bruinessen.</subfield>
  </datafield>
  <datafield tag="260" ind1=" " ind2=" ">
    <subfield code="a">Edinburgh :</subfield>
    <subfield code="b">Edinburgh University Press,</subfield>
    <subfield code="c">2009.</subfield>
  </datafield>
  <datafield tag="300" ind1=" " ind2=" ">
    <subfield code="a">vii, 296 p. ;</subfield>
    <subfield code="c">24 cm.</subfield>
  </datafield>
  <datafield tag="504" ind1=" " ind2=" ">
    <subfield code="a">Includes bibliographical references and index.</subfield>
  </datafield>
  <datafield tag="505" ind1="0" ind2=" ">
    <subfield code="a">Preface; Part 1 Conceptualising Modernity; 1. Tradition and Modernity within Islamic Civilisation and the West, Armando Salvatore; 2. Western Scholars of Islam on the Issue of Modernity, Muhammad Khalid Masud and Armando Salvatore; Part 2 Negotiating Modernity; 3. Political Modernity in the Middle East, Sami Zubaida; 4. Islam, Modernity and the Politics of Gender: Perspectives from the Middle East, Central Asia and Afghanistan, Deniz Kandiyoti; 5. Sufism, 'Popular' Islam and the Encounter with Modernity, Martin van Bruinessen; 6. Colonialism and Islamic Law, Ebrahim Moosa; Part 3 Debating Modernity; 7. The Reform Project in the Emerging Public Spheres, Armando Salvatore; 8. The Ulama and Contestations of Religious Authority under Modern Conditions, Muhammad Qasim Zaman; 9. Islamic Modernism, Muhammad Khalid Masud; 10. The Shifting Politics of Identity, Abdulkader Tayob; List of Contributors.</subfield>
  </datafield>
  <datafield tag="650" ind1=" " ind2="0">
    <subfield code="a">Islamic modernism.</subfield>
    <subfield code="9">32066</subfield>
  </datafield>
  <datafield tag="653" ind1=" " ind2=" ">
    <subfield code="b">Pol</subfield>
    <subfield code="c">January2013</subfield>
  </datafield>
  <datafield tag="700" ind1="1" ind2=" ">
    <subfield code="a">Masud, Muhammad Khalid,</subfield>
    <subfield code="d">1939-</subfield>
    <subfield code="9">32067</subfield>
  </datafield>
  <datafield tag="700" ind1="1" ind2=" ">
    <subfield code="a">Salvatore, Armando.</subfield>
    <subfield code="9">32068</subfield>
  </datafield>
  <datafield tag="700" ind1="1" ind2=" ">
    <subfield code="a">Bruinessen, Martin van.</subfield>
    <subfield code="9">32069</subfield>
  </datafield>
  <datafield tag="942" ind1=" " ind2=" ">
    <subfield code="2">ddc</subfield>
    <subfield code="c">BB</subfield>
  </datafield>
  <datafield tag="999" ind1=" " ind2=" ">
    <subfield code="c">17158</subfield>
    <subfield code="d">17130</subfield>
  </datafield>
  <datafield tag="952" ind1=" " ind2=" ">
    <subfield code="0">0</subfield>
    <subfield code="1">0</subfield>
    <subfield code="2">ddc</subfield>
    <subfield code="4">0</subfield>
    <subfield code="7">0</subfield>
    <subfield code="8">AUC</subfield>
    <subfield code="a">MAIN</subfield>
    <subfield code="b">MAIN</subfield>
    <subfield code="c">LOW</subfield>
    <subfield code="d">2013-01-29</subfield>
    <subfield code="e">purchase</subfield>
    <subfield code="g">30.00</subfield>
    <subfield code="h">1</subfield>
    <subfield code="l">8</subfield>
    <subfield code="m">53</subfield>
    <subfield code="o">297 ISL</subfield>
    <subfield code="p">000027916</subfield>
    <subfield code="q">2025-09-20</subfield>
    <subfield code="r">2020-09-16 00:00:00</subfield>
    <subfield code="s">2020-09-16</subfield>
    <subfield code="y">BB</subfield>
  </datafield>
</record>
